MDQL
is popping MORE tags! Check the
thread
!
Quizzes
Events
Quiz Creation
Community
Videos
Private Events
Remove Ads
Sign In
Join for FREE
Feedback
Dark Mode
Quiz Categories
Sports
Geography
Music
Movies
Television
Just For Fun
Miscellaneous
History
Literature
Language
Science
Gaming
Entertainment
Religion
Holiday
For Kids
Quiz Lab
Recent
Popular Today
Quiz Kudos Today
Editor Picks
Curator Picks
Quizzes by...
Day
Popularity
Type
Ratings
Length
Year
Community
Subscriptions
Recent Discussions
Orange Saloon
Badges
Playlists
Quests
Create
Leaderboards
Showdown
Live 5
Trivia Bingo
Activity
Puzzle Library
Sporcle Events
Private Events
Virtual Trivia
Globe League
Become a Host
Pub Owners
SporcleCon
Opinionation
Our Games
Videos
Blog
Mobile Apps
Partnerships
Remove Ads and Go Orange
Feedback
History
US Presidents
World Leaders
Politics
Nation
Discovery
War
Decade
Year
Century
Biography
Art
History
US Presidents
World Leaders
Politics
Nation
Discovery
War
Decade
Year
Century
Biography
Art
Random Quiz
Search Sporcle
×
Quiz Lab
Quiz Lab
History
Definition
Type in answers that appear in a list
Type in answers that appear in a list
Classic
Best Score? Go Orange.
French Revolution Review Questions Stats
Can you name the French Revolution Review Questions ?
By
BrittanyTiedje
10m
40 Questions
161 Plays
161 Plays
161 Plays
Comments
Comments
Give Quiz Kudos
Give Quiz Kudos
-
- Ratings
hide this ad
Forced Order
Answers have to be entered in order
Answers have to be entered in order
Random Order
Randomize order of answers
Randomize order of answers
Replay
Link that replays current quiz
Next Quiz
Link to next quiz in quiz playlist
You Got
0%
They Got
Avg Score
28%
Avg Friend Score
Upgrade to see
Score Distribution
Jump to the score distribution portion of the page
Score
0/40
Timer
10:00
0
Plays Today
defintion
word
% Correct
Louis XVI wife, got her head cut off with the guillotine
Marie Antoinette
62.1%
Weak king, King of France
Louis XVI
59.6%
Machine with heavy blade, beheading the people
Guillotine
57.1%
French general who becam emperor of the French
Napoleon
54%
Period of remorseless repression or bloodshed, period of terror during the French Revolution
Reign of Terror
51.6%
Leader of the Jacobins and architect of the Reign of Terror
Robespierre
49.7%
Intense pride in one's nation
Nationalism
48.4%
Small island off the western coast of Italy, Napoleon's first exile.
Elba
47.2%
Clergy
1st Estate
39.9%
Bourgeoisie and everyone else
3rd Estate
38%
Middle class-
Doctors & Lawyers
Bourgeoisie
37.9%
Nobility
2nd Estate
36.1%
Napoleon's wife, most beautiful women, wouldn't love him back
Josephine
36%
Fundamental document of the French Revolution, indivividual and collective rights of all the estates
Declaration of the Rights of Man
34.8%
Renounc one's thrown
Abdicate
32.3%
Elected legislature in France during the first part of the French Revolution
National Assembly
30.4%
King of France who Napoleon drove ourt the 2nd time
Louis XVIII
29.8%
Metting place of the 3 estates 2-
1 vote
Estates General
29.2%
British general, statesman, defeated Napoleon at Waterloo, served as Prime Minister
Duke of Wellington
28%
People tore down the symbolic prison brick by brick
Storming of the Bastille
25.5%
defintion
word
% Correct
Member of the Radical movement
Jacobins
25.5%
Conference of ambassadors of Europe states. 100 years
Congress of Vienna
24.2%
Naval battle against the French and Great Britian
Trafalgar
23.6%
Island Napoleon was sent to
Helena
23.6%
Supreme power held by the people and elected representatives
Republic
23%
Wants big change now
Radicals
21.7%
Foregin policy of Napoleon of France in his struggle against the United Kingdom of Great Britian
Continental System
21.1%
1st Estate-
Clergy 2nd Estate-
Nobility 3rd Estate-
Bourgeoisie and everyone else
3 Estates
19.3%
Meets the British and Duke of Wellington
Battle of Waterloo
18.6%
Full of themselves, arrogantly superior
Haughty
18%
Egyptian Invasion
Cut and Run
16.8%
People that wanted some change with Paience Process
Moderates
14.9%
Government stays the same
Conservatives
12.4%
Fourceful take over of government, & battle
Coup de Etat
11.8%
Cut and Run
Cowardly Retreat
10.6%
The people pleaged their lives to the Republic
Oath of Tennis Court
9.3%
Divided army and conqure the emeny with two armies
Divided and Conquer
8.7%
Reasons why Napoleon was so beloved?
Reestablished Nationalism, Brought France Stability, Merit System
7.5%
Reasons why Napoleon's empire collapsed?
Insatiable Appetite, Continental System, Egyptian Invasion, Spanish Problems, Russian Invasion
7.5%
Causes of Problems in France
Looked at America, Angry Bourgeoisie, Economic Problems, Peasants, Nobility Angry at Church, Weak King
6.2%
Quiz Playlist
Details
Report
Send in Message
Add To Playlist
Classic:
Type in answers that appear in a list
Forced Order:
Answers have to be entered in order
Random Order:
Randomize order of answers
Last Updated: Feb 16, 2017
Quiz Scoreboard
CHALLENGE
Sign Up to Join the Scoreboard
Show All
Scores
Hide
Comments
May contain spoilers
Recently Published
Colored Red Africa Blitz
by spor1
Geography
30s
Find the 'City' Movie
by crazypaving
Movies
60s
5x2 Blitz: Bands
by SL_Kpop136
Music
30s
More to Explore
Quiz From the Vault
Featured Blog Post
14 Easter Pick-up Lines to Find Eggs With
hide this ad
You Might Also Like...
Tags
Definition Quiz
French Quiz
Review
Revolution
Today's Top Quizzes in History
Browse History
hide this ad
Today's Top Quizzes in Definition
Browse Definition
Top Contributed Quizzes in History
1
Popular People in 1991
2
US National Parks Named After People
3
Popular People in 1951
4
Popular People in 1941
5
Order Up: 1000 Years of World Events I
6
I Am Born On March 29th
7
Popular People in 1921
8
Popular People in 1981
9
Popular People in 1986
10
Popular People in 1976
Explore More
Trending Topics
Crossword
Anime
Disney
NBA
Marvel
Kpop
Harry Potter
Song
Pokémon
The Office
WWE
Puzzle
NFL
Country
Soccer
hide this ad
More By:
BrittanyTiedje
Quiz
Plays
Rating
Category
Featured
Created
Spanish 2- Weather/seasons/days/months
443
Language
Oct 13, 2012
French Revolution Review Questions
161
1.00
History
Feb 9, 2012
Pobre Ana- Capítulo Uno Vocab
88
Language
Oct 30, 2012
Present Tense Irregular Yo Verbs.
58
Language
Feb 23, 2012
Anatomy Terms
58
Science
May 2, 2012
Go to Creator's Profile
Score Distribution
Quiz Creator Spotlight
BrittanyTiedje
Follow
Send a Message
Quizzes Created
-
Created Quiz Play Count
-
More By This Creator
Popular Quizzes Today
1
Colored Red Africa Blitz
2
Find the 'City' Movie
3
5x2 Blitz: Bands
4
Find the US States - No Outlines Minefield
5
The Countries of the World
6
Find the US States
7
US States
8
Find the Countries of Europe - No Outlines Minefield
More History Quizzes
Treaty of Versailles Nations
Published
Trending Quizzes
Colored Red Europe Blitz I
Colored Red Europe Blitz II
Colored Red Africa Blitz II
Colored Red Europe Blitz III
Colored Red Africa Blitz III
Recently Updated
How Do You Spell That?
pecheneg
Godzilla Movies
pecheneg
Grab Bag: 4-10 Letters
pecheneg
2024 March Madness Bracket
pecheneg
Famous TV Couples
Peacemaker
Champions League XIs: Real Madrid
pecheneg
Largest US Cities 1790-2010
pecheneg
Rides in Walt Disney World
pecheneg
Most Oscar Losses (Acting)
pecheneg
Beyoncé Albums
pecheneg
Trending Topics
Crossword
Marvel
Anime
Kpop
Harry Potter
Disney
NBA
Soccer
Pokémon
NFL
The Office
Country
Puzzle
WWE
Song
Your Account Isn't Verified!
In order to create a playlist on Sporcle, you need to verify the email address you used during registration. Go to your
Sporcle Settings
to finish the process.
Report this User
Report this user for behavior that violates our
Community Guidelines
.
Details:
Send Report
Go to the Sporcle.com Mobile Site →
Comments